The European Union encyclopedia and directory 1996

Αποθηκεύτηκε σε:
Λεπτομέρειες βιβλιογραφικής εγγραφής
Μορφή: Βιβλίο
Γλώσσα:English
Δημοσίευση: London : Europa, 1996
Έκδοση:2nd ed.
Θέματα:
Ετικέτες: Προσθήκη ετικέτας
Δεν υπάρχουν, Καταχωρήστε ετικέτα πρώτοι!

MARC

LEADER 00000nam a2200000 i 4500
001 1/10065
008 970516s1996 eng d
020 |a 1-85743-009-3 
035 |l 10017717 
040 |a GR-MY-UA  |b gre  |e aacr 
041 0 |a eng 
082 0 |a 341.2422025 
245 1 4 |a The European Union encyclopedia and directory 1996 
250 |a 2nd ed. 
260 |a London :   |b Europa,   |c 1996 
300 |a xxii, 478 σ.;  |c 29 εκ. 
651 0 |a European Union countries  |v Periodicals. 
852 |a INST  |b LESVOS  |e 19970516  |h 341.2422025 EUR  |p 005100011278  |q 005100011278  |t REF  |y 23 
909 |a Λ  |b 050107 
922 |a 1ΕΛΗ  |b 199705  |c ΒΙΒΛΙΟΘΗΚΗ ΚΕΝΤΡ. ΥΠΗΡ. 
950 |a 023-1996-10-18